Cognitive psychology and its implications

Αποθηκεύτηκε σε:
Λεπτομέρειες βιβλιογραφικής εγγραφής
Κύριος συγγραφέας: Anderson, John R. (John Robert) 1947-
Μορφή: Βιβλίο
Γλώσσα:English
Δημοσίευση: New York : Worth Publishers, 2000
Έκδοση:5th ed.
Θέματα:
Ετικέτες: Προσθήκη ετικέτας
Δεν υπάρχουν, Καταχωρήστε ετικέτα πρώτοι!

MARC

LEADER 00000nam a2200000 i 4500
001 1/37244
008 030623s2000 eng d
020 |a 0-7167-3678-0 
035 |l 10070221 
040 |a GR-MY-UA  |b gre  |e aacr 
041 0 |a eng 
082 0 |a 153 
100 1 |a Anderson, John R.  |q (John Robert)  |d 1947- 
245 1 0 |a Cognitive psychology and its implications /  |c John R. Anderson 
250 |a 5th ed. 
260 |a New York :   |b Worth Publishers,   |c 2000 
300 |a 531 p. 
650 0 0 |a Cognition. 
650 0 0 |a Cognitive psychology. 
852 |a INST  |b RHODES  |e 20030623  |h 153 AND  |p 005400020222  |q 005400020222  |t BK  |y 0 
901 |a BIBL4-2003-2 
909 |a Ρ  |b 104387 
922 |a 4ΕΛΗ  |b 200303  |c ΕΠΕΑΕΚ2/ΤΕΠΑΕΣ  |d ΠΑΠΑΣΩΤΗΡΙΟΥ & ΕΛΕΥΘΕΡΟΥΔΑΚΗΣ 
950 |a 096-2002-10-08 
970 |a ΚΟΥΛΑΚΙΟΤΗ  |b ΛΙΤΣΑ  |z 2003/06/23